000 00698nam a2200217 i 4500
001 C2-0242134
003 PPAK
005 20180727204227.0
008 020912s1970 ii a|||| ||||| | eng d
040 _aPPAK
_beng
_cPPAK
_erda
082 0 4 _a378.73
_223
090 0 0 _a378.73
_bLIF
_dKSI
245 0 0 _aLifelong Education :
_breport of the meeting of experts held at New Delhi
264 1 _aNew Delhi :
_bAsian Institute of Educational Planning & Administration ,
_c1970
300 _a265 pages :
_billustrations ;
_c23 cm
336 _2rdacontent
_atext
337 _2rdamedia
_aunmediated
338 _2rdacarrier
_avolume
650 1 0 _aEducation, Higher - Aims and objectives.
942 _ddc
_cB
999 _c56937
_d56937